<?xml version="1.0" encoding="UTF-8"?><?xml-stylesheet type="text/xsl" href="static/style.xsl"?><OAI-PMH xmlns="http://www.openarchives.org/OAI/2.0/" xmlns:xsi="http://www.w3.org/2001/XMLSchema-instance" xsi:schemaLocation="http://www.openarchives.org/OAI/2.0/ http://www.openarchives.org/OAI/2.0/OAI-PMH.xsd"><responseDate>2026-04-17T21:25:24Z</responseDate><request verb="GetRecord" identifier="oai:www.recercat.cat:11351/13102" metadataPrefix="marc">https://recercat.cat/oai/request</request><GetRecord><record><header><identifier>oai:recercat.cat:11351/13102</identifier><datestamp>2025-10-24T10:40:51Z</datestamp><setSpec>com_2072_378070</setSpec><setSpec>com_2072_378040</setSpec><setSpec>col_2072_378092</setSpec></header><metadata><record xmlns="http://www.loc.gov/MARC21/slim" xmlns:dcterms="http://purl.org/dc/terms/" xmlns:xsi="http://www.w3.org/2001/XMLSchema-instance" xmlns:doc="http://www.lyncode.com/xoai" xsi:schemaLocation="http://www.loc.gov/MARC21/slim http://www.loc.gov/standards/marcxml/schema/MARC21slim.xsd">
   <leader>00925njm 22002777a 4500</leader>
   <datafield ind2=" " ind1=" " tag="042">
      <subfield code="a">dc</subfield>
   </datafield>
   <datafield ind2=" " ind1=" " tag="720">
      <subfield code="a">Hernández Gago, Yolanda</subfield>
      <subfield code="e">author</subfield>
   </datafield>
   <datafield ind2=" " ind1=" " tag="720">
      <subfield code="a">Alcala Minagorre, Pedro J</subfield>
      <subfield code="e">author</subfield>
   </datafield>
   <datafield ind2=" " ind1=" " tag="720">
      <subfield code="a">RODRIGUEZ, BELEN</subfield>
      <subfield code="e">author</subfield>
   </datafield>
   <datafield ind2=" " ind1=" " tag="720">
      <subfield code="a">Hernández Sabater, Laura</subfield>
      <subfield code="e">author</subfield>
   </datafield>
   <datafield ind2=" " ind1=" " tag="720">
      <subfield code="a">Martínez Roca, Cristina</subfield>
      <subfield code="e">author</subfield>
   </datafield>
   <datafield ind2=" " ind1=" " tag="720">
      <subfield code="a">Cabañas Poy, Mª José</subfield>
      <subfield code="e">author</subfield>
   </datafield>
   <datafield ind2=" " ind1=" " tag="260">
      <subfield code="c">2025-05-19T05:55:29Z</subfield>
   </datafield>
   <datafield ind2=" " ind1=" " tag="260">
      <subfield code="c">2025-05-19T05:55:29Z</subfield>
   </datafield>
   <datafield ind2=" " ind1=" " tag="260">
      <subfield code="c">2024</subfield>
   </datafield>
   <datafield ind2=" " ind1=" " tag="260">
      <subfield code="c">2025-05</subfield>
   </datafield>
   <datafield ind2=" " ind1=" " tag="520">
      <subfield code="a">Medicación de alto riesgo; Estudio Delphi; Hospitalización pediátrica</subfield>
   </datafield>
   <datafield ind2=" " ind1=" " tag="520">
      <subfield code="a">High risk medication; Delphi study; Pediatric hospitals</subfield>
   </datafield>
   <datafield ind2=" " ind1=" " tag="520">
      <subfield code="a">Medicació d'alt risc; Estudi Delphi; Hospitalització pediàtrica</subfield>
   </datafield>
   <datafield ind2=" " ind1=" " tag="520">
      <subfield code="a">Introducción&#xd;
los pacientes pediátricos presentan una mayor probabilidad de padecer errores y daños graves relacionados con la medicación. Dentro de la estrategia de mejora de la seguridad se encuentra la identificación de medicamentos de alto riesgo (MAR) y su estudio en poblaciones especiales, como los niños con exceso de peso corporal.&#xd;
Objetivo&#xd;
generar, mediante una técnica de consenso estructurada por un grupo interdisciplinar de pediatras y farmacéuticos hospitalarios, un listado operativo y actualizado de MAR de uso hospitalario en niños mayores de 2 años. El trabajo formaba parte de un proyecto de colaboración entre la Sociedad Española de Farmacia Hospitalaria y la Sociedad Española de Pediatría Interna Hospitalaria.&#xd;
Método&#xd;
el estudio se realizó en 2 fases secuenciales: a) la elaboración de un listado preliminar de MAR mediante revisión bibliográfica y b) la posterior aplicación del método Delphi de doble ronda para consensuar un listado definitivo de MAR. Los resultados obtenidos se validaron mediante el cálculo del probable acuerdo debido al azar y el estadístico Kappa modificado para cada fármaco.&#xd;
Resultado&#xd;
el listado inicial obtenido por revisión bibliográfica incluyó 26 grupos farmacológicos y 96 principios activos. Del total de 37 expertos iniciales, 32 (86,4%) completaron las 2 rondas del Delphi. El listado consensuado definitivo de MAR incorporaba 24 grupos farmacológicos y 100 fármacos. El estadístico Kappa modificado reflejó un alto grado de concordancia (94,9%) con el consenso alcanzado por los participantes.&#xd;
Conclusión&#xd;
este listado puede constituir una herramienta para futuros estudios e intervenciones de mejora de la seguridad del medicamento en la población pediátrica general, así como en subgrupos de riesgo, como los pacientes pediátricos con exceso de peso corporal.</subfield>
   </datafield>
   <datafield ind2=" " ind1=" " tag="520">
      <subfield code="a">Introduction&#xd;
Pediatric patients are more likely to experience medication-related errors and serious associated harms. The identification of high-risk medications (HRM) and their study in special populations, such as children with excess body weight, is a part of safety improvement strategies.&#xd;
Objective&#xd;
To generate, through a consensus technique structured by an interdisciplinary group of pediatricians and hospital pharmacists, an operational and updated list of HRM for hospital use in children over 2 years of age. The document was part of a collaboration project between the Spanish Society of Hospital Pharmacists and the Spanish Society of Pediatric Hospital Medicine.&#xd;
Methods&#xd;
The study was carried out in two sequential phases: a) preparation of a preliminary list of HRM through bibliographic review and b) subsequent application of the double-round Delphi method to agree on a definitive list of HRM. The results obtained were validated by calculating the probability of chance agreement and the modified Kappa statistic for each drug.&#xd;
Results&#xd;
The original list obtained by bibliographic review included 26 pharmacological classes and 96 drugs. Of the total of 37 experts, 32 (86.4%) completed both rounds of the Delphi. The final consensus list of HRM incorporated 24 pharmacological classes and 100 drugs. The modified Kappa statistic reflected a high percent agreement (94.9%) in the consensus reached by the participants.&#xd;
Conclusion&#xd;
This list can establish a tool for future studies and interventions to improve the safety of medications in general pediatric population, as well as in high-risk subgroups, such as pediatric patients with excess body weight.</subfield>
   </datafield>
   <datafield ind2=" " ind1=" " tag="520">
      <subfield code="a">Este trabajo se ha llevado a cabo con la ayuda de la Fundación Española de Farmacia Hospitalaria (FEFH) y la Sociedad Española de Farmacia Hospitalaria (SEFH) a través la convocatoria de ayudas para Grupos de Trabajo 2023–2024.</subfield>
   </datafield>
   <datafield ind1="8" ind2=" " tag="024">
      <subfield code="a">http://hdl.handle.net/11351/13102</subfield>
   </datafield>
   <datafield tag="653" ind2=" " ind1=" ">
      <subfield code="a">Errors de medicació</subfield>
   </datafield>
   <datafield tag="653" ind2=" " ind1=" ">
      <subfield code="a">Infants</subfield>
   </datafield>
   <datafield tag="653" ind2=" " ind1=" ">
      <subfield code="a">Farmàcies d'hospital</subfield>
   </datafield>
   <datafield tag="653" ind2=" " ind1=" ">
      <subfield code="a">Decisió, Presa de</subfield>
   </datafield>
   <datafield tag="653" ind2=" " ind1=" ">
      <subfield code="a">ANALYTICAL, DIAGNOSTIC AND THERAPEUTIC TECHNIQUES, AND EQUIPMENT::Therapeutics::Drug Therapy::Medication Errors</subfield>
   </datafield>
   <datafield tag="653" ind2=" " ind1=" ">
      <subfield code="a">Other subheadings::Other subheadings::Other subheadings::/prevention &amp; control</subfield>
   </datafield>
   <datafield tag="653" ind2=" " ind1=" ">
      <subfield code="a">PSYCHIATRY AND PSYCHOLOGY::Behavior and Behavior Mechanisms::Psychology, Social::Group Processes::Consensus</subfield>
   </datafield>
   <datafield tag="653" ind2=" " ind1=" ">
      <subfield code="a">NAMED GROUPS::Persons::Age Groups::Child</subfield>
   </datafield>
   <datafield tag="653" ind2=" " ind1=" ">
      <subfield code="a">HEALTH CARE::Health Care Facilities, Manpower, and Services::Health Facilities::Health Facility Administration::Hospital Administration::Hospital Departments::Pharmacy Service, Hospital</subfield>
   </datafield>
   <datafield tag="653" ind2=" " ind1=" ">
      <subfield code="a">TÉCNICAS Y EQUIPOS ANALÍTICOS, DIAGNÓSTICOS Y TERAPÉUTICOS::terapéutica::farmacoterapia::errores de medicación</subfield>
   </datafield>
   <datafield tag="653" ind2=" " ind1=" ">
      <subfield code="a">Otros calificadores::Otros calificadores::Otros calificadores::/prevención &amp; control</subfield>
   </datafield>
   <datafield tag="653" ind2=" " ind1=" ">
      <subfield code="a">PSIQUIATRÍA Y PSICOLOGÍA::conducta y mecanismos de la conducta::psicología social::procesos de grupo::consenso</subfield>
   </datafield>
   <datafield tag="653" ind2=" " ind1=" ">
      <subfield code="a">DENOMINACIONES DE GRUPOS::personas::Grupos de Edad::niño</subfield>
   </datafield>
   <datafield tag="653" ind2=" " ind1=" ">
      <subfield code="a">ATENCIÓN DE SALUD::instalaciones, servicios y personal de asistencia sanitaria::centros sanitarios::administración de establecimientos sanitarios::administración hospitalaria::departamentos hospitalarios::servicio hospitalario de farmacia</subfield>
   </datafield>
   <datafield ind2="0" ind1="0" tag="245">
      <subfield code="a">Medicación pediátrica de alto riesgo: propuesta de listado a través de la técnica de consenso interdisciplinar</subfield>
   </datafield>
   <datafield ind2="0" ind1="0" tag="245">
      <subfield code="a">High-risk pediatric medications: A listing proposal by interdisciplinary consensus technique</subfield>
   </datafield>
</record></metadata></record></GetRecord></OAI-PMH>